[Event "CZE-chT U20 Extraliga final-A 1415"]
[Site "Czech Republic"]
[Date "2015.04.25"]
[Round "9.5"]
[White "Jurasek, Vojtech"]
[Black "Benesova, Martina"]
[Result "1/2-1/2"]
[WhiteElo "1627"]
[BlackElo "1520"]
[PlyCount "79"]
[EventDate "2014.10.11"]
[EventType "team-tourn"]
[EventRounds "11"]
[EventCountry "CZE"]
[SourceTitle "EXT 2021"]
[Source "ChessBase"]
[SourceDate "2020.10.23"]
[SourceVersion "1"]
[SourceVersionDate "2020.10.23"]
[SourceQuality "1"]
[WhiteTeam "Brno Lokomotiva (U20)"]
[BlackTeam "Most Chess (U20)"]
[WhiteTeamCountry "CZE"]
[BlackTeamCountry "CZE"]

1. d4 e6 2. c4 d5 3. Nc3 Nf6 4. Bg5 Be7 5. Nf3 h6 6. Bh4 0-0 7. e3 Nbd7 8. Rc1 c6 9. a3 dxc4 10. Bxc4 Nb6 11. Bd3 a5 12. 0-0 Nbd5 13. Nxd5 exd5 14. Re1 Bg4 15. Qc2 Bxf3 16. gxf3 Re8 17. Kh1 Nh5 18. Bxe7 Qxe7 19. Rg1 Kh8 20. Rg2 Nf6 21. Rcg1 Rg8 22. e4 dxe4 23. fxe4 g6 24. Qd2 Kh7 25. e5 Nd5 26. Rg3 Qe6 27. Rg4 Ne7 28. R1g3 b6 29. b3 Nf5 30. Rh3 Rg7 31. Bc4 Qd7 32. Qf4 b5 33. Bd3 Qe6 34. Rg5 Rh8 35. Rxf5 Kg8 36. Rg3 gxf5 37. Bxf5 Qd5+ 38. Be4 Qe6 39. Bf5 Qd5+ 40. Be4 1/2-1/2

[Event "CZE-chT U20 Extraliga West 1415"]
[Site "Czech Republic"]
[Date "2014.10.12"]
[Round "3.5"]
[White "Nemcova, Kamila"]
[Black "Benesova, Martina"]
[Result "1-0"]
[WhiteElo "1660"]
[BlackElo "1520"]
[PlyCount "67"]
[EventDate "2014.10.11"]
[EventType "team-tourn"]
[EventRounds "11"]
[EventCountry "CZE"]
[SourceTitle "EXT 2021"]
[Source "ChessBase"]
[SourceDate "2020.10.23"]
[SourceVersion "1"]
[SourceVersionDate "2020.10.23"]
[SourceQuality "1"]
[WhiteTeam "Praha Promat Oaza (U20)"]
[BlackTeam "Most Chess (U20)"]
[WhiteTeamCountry "CZE"]
[BlackTeamCountry "CZE"]

1. e4 e6 2. d4 d5 3. Nc3 Bb4 4. e5 c5 5. a3 Bxc3+ 6. bxc3 Qc7 7. Nf3 Bd7 8. a4 b6 9. Bd3 cxd4 10. cxd4 Ne7 11. 0-0 Nbc6 12. Ba3 Na5 13. Bd6 Qb7 14. Qe2 a6 15. Rfb1 Nc8 16. Bb4 Nc6 17. Ba3 a5 18. Rb3 Qa7 19. Rc3 Nb4 20. Bb5 0-0 21. Rb1 Bxb5 22. Qxb5 Qb7 23. Bxb4 Na7 24. Qd3 axb4 25. Rxb4 Nc6 26. Ng5 g6 27. Qh3 f5 28. Rxc6 Ra6 29. Rcxb6 Rxb6 30. Rxb6 Qe7 31. Nxe6 Ra8 32. Qb3 Qd7 33. Rb8+ Kf7 34. Ng5+ 1-0

[Event "CZE-ch U16 Girls"]
[Site "Kouty nad Desnou"]
[Date "2014.03.14"]
[Round "8"]
[White "Benesova, Martina"]
[Black "Dolezalova, Lada"]
[Result "1-0"]
[WhiteElo "1496"]
[BlackElo "1606"]
[PlyCount "45"]
[EventDate "2014.03.08"]
[EventType "swiss"]
[EventRounds "9"]
[EventCountry "CZE"]
[SourceTitle "EXT 2015"]
[Source "ChessBase"]
[SourceDate "2014.11.20"]
[SourceVersion "1"]
[SourceVersionDate "2014.11.20"]
[SourceQuality "1"]

1. e4 e6 2. d4 d5 3. exd5 exd5 4. Bd3 Bd6 5. Nf3 Bg4 6. h3 Bh5 7. 0-0 Nf6 8. Re1+ Be7 9. Qe2 Bxf3 10. Qxf3 0-0 11. Bg5 Nbd7 12. Nd2 Re8 13. c3 Bd6 14. Bf5 h6 15. Bh4 Rxe1+ 16. Rxe1 Be7 17. Qe2 Kf8 18. Qb5 Rb8 19. Bxd7 c6 20. Qa4 Qxd7 21. Qxa7 Qc7 22. Rxe7 Kxe7 23. Bg3 1-0

[Event "CZE-chTW U20 1213"]
[Site "Czech Republic"]
[Date "2012.10.06"]
[Round "1.6"]
[White "Benesova, Martina"]
[Black "Horak, Martin"]
[Result "0-1"]
[WhiteElo "1452"]
[BlackElo "1802"]
[PlyCount "112"]
[EventDate "2012.10.06"]
[EventType "team-tourn"]
[EventRounds "11"]
[EventCountry "CZE"]
[SourceTitle "EXT 2015"]
[Source "ChessBase"]
[SourceDate "2014.11.20"]
[SourceVersion "1"]
[SourceVersionDate "2014.11.20"]
[SourceQuality "1"]
[WhiteTeam "Most Chess (U20)"]
[BlackTeam "Vlasim (U20)"]
[WhiteTeamCountry "CZE"]
[BlackTeamCountry "CZE"]

1. e4 c5 2. Nf3 d6 3. d4 cxd4 4. Nxd4 Nf6 5. Nc3 g6 6. Bc4 Bg7 7. Be3 0-0 8. 0-0 Ng4 9. Qd2 Nxe3 10. Qxe3 Nc6 11. Nde2 Bd7 12. Rad1 Ne5 13. Bb3 b5 14. a4 bxa4 15. Nxa4 Bxa4 16. Bxa4 Nc4 17. Qf3 Nxb2 18. Ra1 Nxa4 19. Rxa4 Qc7 20. Qd3 Rfc8 21. Ra2 Qc4 22. Nc1 Rc7 23. h3 Bd4 24. Rd1 Bb6 25. Nb3 Rac8 26. Rd2 Qxd3 27. cxd3 Rc3 28. Rab2 a5 29. Rb1 a4 30. Na1 Bd4 31. Rdd1 a3 32. Rb3 Rc1 33. Rb1 Rxb1 34. Rxb1 Bb2 35. Nb3 Rc3 36. Na1 Rc1+ 37. Rxc1 Bxc1 38. Kf1 a2 39. g4 Bb2 40. Nc2 a1Q+ 41. Nxa1 Bxa1 42. Ke2 Kg7 43. f3 Kf6 44. Ke3 Kg5 45. Kf2 Kh4 46. Kg2 Be5 47. d4 Bxd4 48. f4 Be3 49. f5 gxf5 50. gxf5 e6 51. fxe6 fxe6 52. Kf3 Kxh3 53. Kxe3 Kg3 54. Kd4 h5 55. e5 dxe5+ 56. Kxe5 h4 0-1

[Event "Teplice op 7th"]
[Site "Teplice"]
[Date "2012.06.17"]
[Round "2"]
[White "Benesova, Martina"]
[Black "Cenek, Miroslav"]
[Result "0-1"]
[WhiteElo "1387"]
[BlackElo "1895"]
[PlyCount "82"]
[EventDate "2012.06.16"]
[EventType "swiss"]
[EventRounds "9"]
[EventCountry "CZE"]
[SourceTitle "CBM 149 Extra"]
[Source "ChessBase"]
[SourceDate "2012.08.24"]
[SourceVersion "1"]
[SourceVersionDate "2012.08.24"]
[SourceQuality "1"]

1. e4 c5 2. Nf3 d6 3. d4 cxd4 4. Nxd4 Nc6 5. Nb3 g6 6. Nc3 Bg7 7. Bd2 Nf6 8. Bd3 0-0 9. 0-0 Be6 10. Qc1 Ne5 11. Be2 Nc4 12. Bf4 Nxb2 13. Nd4 Nxe4 14. Nxe6 Nxc3 15. Nxd8 Nxe2+ 16. Kh1 Nxc1 17. Bxc1 Rfxd8 18. Rb1 Nc4 19. Rxb7 e6 20. Rc7 d5 21. Bf4 Bd4 22. Bg5 Rdc8 23. Rxc8+ Rxc8 24. Kg1 Kg7 25. Rd1 Bf6 26. Bxf6+ Kxf6 27. g3 Na3 28. Rc1 Rxc2 29. Ra1 d4 30. Kf1 Ke5 31. Re1+ Kd5 32. Re2 Rxe2 33. Kxe2 Kc4 34. Kd2 d3 35. f3 Nb1+ 36. Kd1 Kc3 37. f4 Na3 38. h3 Nc4 39. a4 Nb2+ 40. Ke1 d2+ 41. Ke2 d1Q+ 0-1

[Event "Teplice op 7th"]
[Site "Teplice"]
[Date "2012.06.16"]
[Round "1"]
[White "Krumm, Johannes"]
[Black "Benesova, Martina"]
[Result "1-0"]
[WhiteElo "2038"]
[BlackElo "1387"]
[PlyCount "49"]
[EventDate "2012.06.16"]
[EventType "swiss"]
[EventRounds "9"]
[EventCountry "CZE"]
[SourceTitle "CBM 149 Extra"]
[Source "ChessBase"]
[SourceDate "2012.08.24"]
[SourceVersion "1"]
[SourceVersionDate "2012.08.24"]
[SourceQuality "1"]

1. e4 e6 2. c4 d5 3. exd5 exd5 4. cxd5 Nf6 5. Nc3 Nxd5 6. Bc4 Nb6 7. Bb3 Be7 8. d4 c6 9. Nf3 N8d7 10. 0-0 0-0 11. h3 Qc7 12. Re1 Bd6 13. Be3 Nf6 14. Rc1 Bf5 15. Ne5 Nbd7 16. Bf4 Rae8 17. Nb5 Qb6 18. Nxd6 Re7 19. Nxf5 Ree8 20. Nxd7 Nxd7 21. Bd6 Rxe1+ 22. Qxe1 Rd8 23. Qe7 Nf6 24. Qxf7+ Kh8 25. Qxg7# 1-0

[Event "CZE-ch U14 Girls"]
[Site "Kouty nad Desnou"]
[Date "2011.03.17"]
[Round "7"]
[White "Benesova, Martina"]
[Black "Novotna, Barbora"]
[Result "0-1"]
[WhiteElo "1395"]
[BlackElo "1525"]
[PlyCount "91"]
[EventDate "2011.03.12"]
[EventType "swiss"]
[EventRounds "9"]
[EventCountry "CZE"]
[SourceTitle "EXT 2014"]
[Source "ChessBase"]
[SourceDate "2013.11.20"]
[SourceVersion "1"]
[SourceVersionDate "2013.11.20"]
[SourceQuality "1"]

1. e4 e5 2. Nf3 Nc6 3. Bc4 Bc5 4. b4 Bxb4 5. c3 Ba5 6. d4 exd4 7. 0-0 Nf6 8. e5 d5 9. exf6 dxc4 10. fxg7 Rg8 11. Bg5 Qd6 12. cxd4 Bg4 13. Qe2+ Be6 14. Rd1 Ne7 15. Bxe7 Qxe7 16. d5 Bg4 17. Qe3 Qxe3 18. fxe3 Rxg7 19. Kf1 0-0-0 20. Na3 c3 21. Rac1 Rdg8 22. Ke2 Bxf3+ 23. gxf3 Rg2+ 24. Kd3 Rxh2 25. Rc2 Rxc2 26. Nxc2 Rg2 27. Rc1 h5 28. Nd4 h4 29. Rc2 Rxc2 30. Kxc2 Kd7 31. Ne2 h3 32. Ng3 h2 33. a3 c6 34. dxc6+ Kxc6 35. Kb3 Bc7 36. f4 Bd8 37. Kxc3 Bh4 38. Nh1 Kd5 39. Kd3 b5 40. e4+ Kc5 41. Kc3 a5 42. f5 f6 43. Kb3 Kd4 44. a4 bxa4+ 45. Kxa4 Kxe4 46. Kxa5 0-1

[Event "CZE-ch U14 Girls"]
[Site "Kouty nad Desnou"]
[Date "2011.03.16"]
[Round "6"]
[White "Sperkova, Kristyna"]
[Black "Benesova, Martina"]
[Result "1/2-1/2"]
[WhiteElo "1322"]
[BlackElo "1395"]
[PlyCount "42"]
[EventDate "2011.03.12"]
[EventType "swiss"]
[EventRounds "9"]
[EventCountry "CZE"]
[SourceTitle "EXT 2014"]
[Source "ChessBase"]
[SourceDate "2013.11.20"]
[SourceVersion "1"]
[SourceVersionDate "2013.11.20"]
[SourceQuality "1"]

1. e4 e6 2. d4 d5 3. exd5 exd5 4. Nf3 Bd6 5. Nc3 Ne7 6. Be2 0-0 7. 0-0 Bf5 8. Re1 c6 9. Bg5 f6 10. Be3 Qc7 11. Qd2 Nd7 12. h3 Rfe8 13. Bd3 Rad8 14. Rad1 b5 15. Bxf5 Nxf5 16. Ne2 Nb6 17. b3 Re6 18. Bf4 Rde8 19. Kf1 Kf7 20. Bxd6 Qxd6 21. Qf4 Qxf4 1/2-1/2

[Event "CZE-ch U14 Girls"]
[Site "Kouty nad Desnou"]
[Date "2011.03.14"]
[Round "3"]
[White "Bohanesova, Vendula"]
[Black "Benesova, Martina"]
[Result "1/2-1/2"]
[WhiteElo "1554"]
[BlackElo "1395"]
[PlyCount "66"]
[EventDate "2011.03.12"]
[EventType "swiss"]
[EventRounds "9"]
[EventCountry "CZE"]
[SourceTitle "EXT 2014"]
[Source "ChessBase"]
[SourceDate "2013.11.20"]
[SourceVersion "1"]
[SourceVersionDate "2013.11.20"]
[SourceQuality "1"]

1. e4 e6 2. d4 d5 3. Nc3 Bb4 4. e5 c5 5. a3 Bxc3+ 6. bxc3 cxd4 7. cxd4 Ne7 8. Qg4 Qc7 9. Ra2 Ng6 10. Bd3 Nd7 11. Nf3 Qd8 12. Bd2 f5 13. exf6 Qxf6 14. Bg5 Qf7 15. 0-0 Nf6 16. Bxf6 Qxf6 17. Re1 0-0 18. c3 e5 19. dxe5 Bxg4 20. exf6 Rxf6 21. Nd4 Raf8 22. f3 Bd7 23. Bxg6 Rxg6 24. Re7 Rd6 25. Rb2 b6 26. Kf2 Re8 27. Rxe8+ Bxe8 28. Rd2 Ba4 29. Nf5 Rd7 30. Ne3 Bb3 31. Rd4 b5 32. Rb4 Bc4 33. Nxc4 bxc4 1/2-1/2

[Event "CZE-ch U12 Girls"]
[Site "Kouty nad Desnou"]
[Date "2010.03.10"]
[Round "6"]
[White "Benesova, Martina"]
[Black "Novotna, Barbora"]
[Result "1/2-1/2"]
[WhiteElo "1250"]
[BlackElo "1455"]
[PlyCount "45"]
[EventDate "2010.03.06"]
[EventType "swiss"]
[EventRounds "9"]
[EventCountry "CZE"]
[SourceTitle "EXT 2012"]
[Source "ChessBase"]
[SourceDate "2011.11.24"]
[SourceVersion "1"]
[SourceVersionDate "2011.11.24"]
[SourceQuality "1"]

1. e4 e5 2. Nf3 Nc6 3. Bc4 Bc5 4. b4 Bxb4 5. c3 Be7 6. d4 Na5 7. Be2 exd4 8. Qxd4 Nc6 9. Qxg7 Bf6 10. Qg3 d6 11. 0-0 Nge7 12. Bh6 Ng6 13. Ng5 Be6 14. Bg4 Bxg5 15. f4 Bxh6 16. f5 Bc4 17. fxg6 Bxf1 18. gxf7+ Kxf7 19. Bh5+ Ke7 20. Qh4+ Ke6 21. Qg4+ Ke7 22. Qh4+ Ke6 23. Qg4+ 1/2-1/2

[Event "CZE-ch U12 Girls"]
[Site "Kouty nad Desnou"]
[Date "2010.03.08"]
[Round "4"]
[White "Benesova, Martina"]
[Black "Bohanesova, Vendula"]
[Result "0-1"]
[WhiteElo "1250"]
[BlackElo "1467"]
[PlyCount "96"]
[EventDate "2010.03.06"]
[EventType "swiss"]
[EventRounds "9"]
[EventCountry "CZE"]
[SourceTitle "EXT 2012"]
[Source "ChessBase"]
[SourceDate "2011.11.24"]
[SourceVersion "1"]
[SourceVersionDate "2011.11.24"]
[SourceQuality "1"]

1. e4 e5 2. Nf3 Nc6 3. Bc4 Bc5 4. b4 Bxb4 5. c3 Ba5 6. Qb3 Qe7 7. 0-0 Nf6 8. Re1 0-0 9. Ba3 d6 10. h3 Bb6 11. d3 Be6 12. Nbd2 Rad8 13. Ng5 Rfe8 14. Ngf3 Qd7 15. Bb2 d5 16. exd5 Bxd5 17. Bxd5 Qxd5 18. Qxd5 Rxd5 19. d4 exd4 20. Rxe8+ Nxe8 21. Re1 Nf6 22. c4 Ra5 23. a3 h6 24. Nb3 Ra4 25. c5 Ba5 26. Nxa5 Rxa5 27. Rc1 Ne4 28. Rc4 Rxc5 29. Rxc5 Nxc5 30. Bxd4 Nxd4 31. Nxd4 Ne6 32. Nb5 a6 33. Nc3 Kf8 34. Kf1 Ke7 35. Ke2 b5 36. Kd2 Kd6 37. Kc2 Kc6 38. Kb2 Kb6 39. Nd5+ Kc5 40. Ne3 a5 41. f3 b4 42. a4 Kd4 43. Nc2+ Kd3 44. Ne1+ Kd2 45. Nc2 c5 46. h4 Nd4 47. Na1 c4 48. f4 c3+ 0-1

[Event "CZE Czechia-ch U12"]
[Site "Harrachov"]
[Date "2009.10.28"]
[Round "6"]
[White "Benesova, Martina"]
[Black "Pajersky, Michal"]
[Result "1-0"]
[WhiteElo "1250"]
[BlackElo "1677"]
[PlyCount "61"]
[EventDate "2009.10.24"]
[EventType "swiss"]
[EventRounds "9"]
[EventCountry "CZE"]
[SourceTitle "EXT 2012"]
[Source "ChessBase"]
[SourceDate "2011.11.24"]
[SourceVersion "1"]
[SourceVersionDate "2011.11.24"]
[SourceQuality "1"]

1. e4 d6 2. d4 Nf6 3. Nc3 g6 4. h3 Bg7 5. Nf3 Nfd7 6. Be3 0-0 7. Qd2 e5 8. Bh6 Re8 9. Bxg7 Kxg7 10. 0-0-0 Nc6 11. Kb1 exd4 12. Nxd4 Nxd4 13. Qxd4+ Kg8 14. Bc4 Ne5 15. g4 Bd7 16. f4 c5 17. Qxd6 Nxc4 18. Qxd7 Qb6 19. b3 Ne3 20. Rc1 Rad8 21. Qa4 Rd4 22. Qxe8+ Kg7 23. Nd5 Nxd5 24. exd5 Rxd5 25. Rcd1 Rxd1+ 26. Rxd1 c4 27. Qe5+ Kg8 28. Rd6 Qg1+ 29. Kb2 c3+ 30. Kxc3 Qa1+ 31. Kd2 1-0